| 000 | 03943nam0a2200409 4500 | ||
|---|---|---|---|
| 001 | RU\NLR\BIBL_A\012921235 | ||
| 005 | 20251227175613.0 | ||
| 010 |
_a978-5-907464-26-1 _9500 |
||
| 021 |
_aRU _bКН-П-22-062060 _9КН-П-22-5374 |
||
| 035 | _a(NLR Aleph) 012921235 | ||
| 035 | _a(RuMoRGB)011205986 | ||
| 090 |
_a12644960 _c12644960 |
||
| 100 | _a20221026d2022 k y0rusy50 ca | ||
| 101 | 0 | _arus | |
| 102 | _aRU | ||
| 105 | _aa|||z|||000zy | ||
| 181 | 0 |
_ai _baxxe |
|
| 182 | 0 | _an | |
| 200 | 1 |
_aЭффективное водопользование при орошении: теоретические и практические аспекты _eмонография _fС. Д. Исаева, А. Л. Бубер, А. О. Щербаков [и др.] _gпод редакцией доктора технических наук С. Д. Исаевой _gМинистерство науки и высшего образования Российской Федерации, Федеральное государственное бюджетное научное учреждение "Всероссийский научно-исследовательский институт гидротехники и мелиорации имени А. Н. Костякова" |
|
| 203 |
_aТекст _bвизуальный _cнепосредственный |
||
| 210 |
_aМосква _cИзд-во ВНИИГИМ _d2022 |
||
| 215 |
_a230 с. _cил. _d20 |
||
| 300 | _aАвт. указаны на обороте тит. с. | ||
| 320 | _aБиблиогр.: с. 211-230 (250 назв.) | ||
| 330 | _aВ монографии представлены методические подходы к обоснованию и обеспечению экологической безопасности и эффективного функционирования гидромелиоративных системы водопользования в АПК применительно к условиям юга европейской части Российской Федерации. Усовершенствованы основы экосистемного водопользования, система управления водными ресурсами в сельском хозяйстве и информационно-аналитическое обоснование принятия решений с применением геоинформационных технологий. Предложены методы управления мелиоративными системами в Республике Калмыкия с использованием геоинформационного анализа. Разработаны методические основые регулирования использования водных ресурсов водохранилищ с применением цифровых технологий на примере Волжско-Камского каскада с учетом интересов всех групп водопользователей | ||
| 606 | 1 |
_aОрошение _xВодосберегающие технологии _92195461 _3RU\NLR\AUTH\661319532 |
|
| 675 |
_a631.67 _v4 |
||
| 686 | 1 | _aП062.571 | |
| 701 | 1 |
_aИсаева _bС. Д. _gСофья Давидовна |
|
| 701 | 1 |
_aБубер _bА. Л. |
|
| 701 | 1 |
_aЩербаков _bА. О. _cканд. техн. наук, гидротехника _gАлексей Олегович _9250090 _3RU\NLR\AUTH\770250146 |
|
| 712 | 0 | 2 |
_4475 _aВсероссийский НИИ гидротехники и мелиорации им. А. Н. Костякова _9355650 _3RU\NLR\AUTH\889930043 |
| 942 | _cBOOK | ||
| 980 | _aNB | ||